|
|
|
|
| LEADER |
00000nbm0a2200000 4500 |
| 001 |
22389 |
| 005 |
20231030194658.0 |
| 035 |
|
|
|a (RuTPU)RU\TPU\book\22602
|
| 035 |
|
|
|a BOOK00000365
|
| 090 |
|
|
|a 22389
|
| 100 |
|
|
|a 20011209d2000 k y0rusy50 ca
|
| 101 |
0 |
|
|a rus
|
| 102 |
|
|
|a RU
|
| 105 |
|
|
|a y m 000zy
|
| 200 |
1 |
|
|a Диагностика асинхронных двигателей средней мощности по результатам приемо-сдаточных испытаний
|e диссертация на соискание ученой степени кандидата технических наук
|f П. А. Молодых
|g Томский политехнический университет
|
| 210 |
|
|
|a Томск
|d 2000
|
| 215 |
|
|
|a 136 л.
|
| 610 |
1 |
|
|a электрические машины
|
| 610 |
1 |
|
|a двигатели асинхронные
|
| 610 |
1 |
|
|a диагностика
|
| 610 |
1 |
|
|a продукция
|
| 610 |
1 |
|
|a качество
|
| 610 |
1 |
|
|a управление
|
| 610 |
1 |
|
|a испытания
|
| 610 |
1 |
|
|a математическое моделирование
|
| 610 |
1 |
|
|a диссертации
|
| 675 |
|
|
|a 621.313.333.019.3(04)
|v 3
|
| 700 |
|
1 |
|a Молодых
|b П. А.
|g Павел Анатольевич
|
| 712 |
0 |
2 |
|a Томский политехнический университет
|2 stltpush
|3 (RuTPU)RU\TPU\col\376
|
| 801 |
|
0 |
|a RU
|b 63413507
|c 20011209
|g PSBO
|
| 801 |
|
2 |
|a RU
|b 63413507
|c 20080115
|g PSBO
|
| 942 |
|
|
|c BK
|